| 000 | 00407pab a2200169 454500 | ||
|---|---|---|---|
| 008 | 180718b2011 xxu||||| |||| 00| 0 eng d | ||
| 100 | _aBhagat, R.B. | ||
| 245 | _aUrbanization and access to basic amenities in India | ||
| 260 | _c2011 | ||
| 300 | _ap.1-14. | ||
| 362 | _aJan-Jun | ||
| 650 | _aUrbanization - India | ||
| 650 | _aUrbanization | ||
| 773 | _aUrban India | ||
| 908 | _aN | ||
| 909 | _a99658 | ||
| 999 |
_c99657 _d99657 |
||